LEADER 01279nam1 2200373 450 001 990006059310203316 005 20150715154624.0 035 $a000605931 035 $aUSA01000605931 035 $a(ALEPH)000605931USA01 035 $a000605931 100 $a20150715d1977----km-y0itay50------ba 101 $apor 102 $aPT 105 $aa---||||001yy 200 1 $aHistoria de Portugal$edesde os tempos mais antigos ate ao governo do Sr. Pinheiro de Azevedo$emanual para uso de estudentes e outros curiosos por assuntos do passadp patrio$fA. H. de Oliveira Marques 210 $aLisboa$cPalas$d1977 215 $a2 v.$cill.$d24 cm. 410 0$12001 454 1$12001 461 1$1001-------$12001 463 \1$1001990006059320203316$12001 $a<> : Das origens as revolucoes liberais 463 \1$1001990006059330203316$12001 $a<> : Das revolucoes liberais aos nossos dias 606 0 $aPortogallo$xStoria 676 $a946.9 700 1$aMARQUES,$bAntonio Henrique R. de Oliveira$0254183 801 0$aIT$bsalbc$gISBD 912 $a990006059310203316 951 $aXVII.B. 1084/$bDLM$cXVII.B. 959 $aBK 969 $aDILAM 979 $aRIVELLI$b90$c20150715$lUSA01$h1546 996 $aHistoria de Portugal$9990557 997 $aUNISA LEADER 00971nam a22002411i 4500 001 991000883999707536 005 20021104092224.0 008 021104s1976 it |||||||||||||||||ita 035 $ab12068895-39ule_inst 035 $aARCHE-015869$9ExL 040 $aDip.to Filologia Ling. e Lett.$bita$cA.t.i. Arché s.c.r.l. Pandora Sicilia s.r.l. 100 1 $aPadula, Vincenzo$0173231 245 10$aAntonello capobrigante calabrese :$bdramma in cinque atti /$cVincenzo Padula ; introduzione di Giuliano Manacorda 260 $aRoma :$bC.M. Padula,$c1976 300 $a133 p. ;$c21 cm 650 4$aBrigantaggio$zCalabria 700 1 $aManacorda, Giuliano 907 $a.b12068895$b02-04-14$c01-04-03 912 $a991000883999707536 945 $aLE008 Cr M II 78$g1$i2008000238957$lle008$o-$pE0.00$q-$rl$s- $t0$u0$v0$w0$x0$y.i12365865$z01-04-03 996 $aAntonello capobrigante calabrese$9139416 997 $aUNISALENTO 998 $ale008$b01-04-03$cm$da $e-$fita$git $h0$i1